000 00398nam a2200157Ia 4500
008 131103s9999 xx 000 0 und d
040 _aLoreto College
041 _aEnglish
082 _aREF/L
_bLCBED/6102
245 4 _aThe Far pavilions picture book
260 _aHarmondsworth
_bPenguin Books
_c1979
300 _a120p.
_b ill.
_c 28 cm.
650 _aREF
850 _aLCBED/REF
942 _cBK
999 _c34121
_d84600